Datum a čas kvízu
28
Celkem bodů
Celkový počet nahraných bodů na tomto kvízu bez doplňovacích otázek.
1.
Pořadí na kvízu
Konečné umístění týmu na tomto kvízu.
Zaznamenané odpovědi
| # | Otázka | Odpověď | Body | Výsledky |
|---|---|---|---|---|
| 1. | Česká armáda se minulý týden r... | Jak-40 | 1 | |
| 2. | Jistá evropská země se poprvé... | Norsko | 1 | |
| 3. | Poté, co očekávaný hollywoodsk... | Mulan | 0 | |
| 4. | Automobilka Škoda minulé úterý... | Enyaq | 1 | |
| 5. | Úterní etapu Tour de France vy... | penalizace (za nepovolené občerstvování) | 1 | |
| 6. | Když se Roald Amundsen dozvědě... | Robert Scott | 1 | |
| 7. | Snahy o prozkoumání polárních... | William Baffin | 0 | |
| 8. | „Svět kolem mne byl tak laskav... | Annapurna | 0 | |
| 9. | Roku 1938 byla poprvé pokořena... | Heinrich Harrer, Sedm let v Tibetu | 0.5 | |
| 10. | Podmořští výzkumníci Jacques P... | batyskaf | 1 |